Central Library OPAC University of Rajshahi

সচিত্র যৌন বিজ্ঞান : (Record no. 44800)

MARC details
000 -LEADER
fixed length control field 01320nam a2200265 a 4500
001 - CONTROL NUMBER
control field 44800
003 - CONTROL NUMBER IDENTIFIER
rucl marc code BD-RjUL
005 - DATE AND TIME OF LATEST TRANSACTION
control field 20211209053923.0
008 - FIXED-LENGTH DATA ELEMENTS--GENERAL INFORMATION
fixed length control field 160720s1982 bg ||||| |||| 00| 0 ben d
020 ## - INTERNATIONAL STANDARD BOOK NUMBER
Terms of availability : Tk. 60.00 (V-2)
035 ## - SYSTEM CONTROL NUMBER
System control number (BD-RjUL)44918
040 ## - CATALOGING SOURCE
Original cataloging agency BD-RjUL
Language of cataloging ben
Transcribing agency BD-RjUL
041 ## - LANGUAGE CODE
Language code of text/sound track or separate title ben
082 ## - DEWEY DECIMAL CLASSIFICATION NUMBER
Edition number 23
Classification number 613.9071
Author mark and year HAS 1982
100 1# - MAIN ENTRY--PERSONAL NAME
Personal name হাসনাৎ, আবুল
9 (RLIN) 137324
245 10 - TITLE STATEMENT
Title সচিত্র যৌন বিজ্ঞান :
Remainder of title [মত ও পথ-সমস্যা ও সমাধান] /
Statement of responsibility, etc. আবুল হাসনাৎ প্রণীত ও গিরীন্দ্রশেখর বসু লিখিত ভূমিকা-সম্বলিত
250 ## - EDITION STATEMENT
Edition statement সর্বশেষ সং.
260 ## - PUBLICATION, DISTRIBUTION, ETC. (IMPRINT)
Place of publication, distribution, etc. ঢাকা :
Name of publisher, distributor, etc. আহমদ পাবলিশিং,
Date of publication, distribution, etc. ১৯৮২
300 ## - PHYSICAL DESCRIPTION
Pagination খণ্ড :
Illustrations চিত্র ;
Size ২০ সেমি.
505 0# - FORMATTED CONTENTS NOTE
Formatted contents note খণ্ড ২: (জন্মনিয়ন্ত্রণ, অবৈধ গর্ভ, নর-নারীর রতিকৃষ্টি, দম্পতির বিলাসকলা) ---
650 ## - SUBJECT ADDED ENTRY--TOPICAL TERM
Topical term or geographic name as entry element যৌন শিক্ষা
9 (RLIN) 237676
Topical term or geographic name as entry element Sex Education
9 (RLIN) 237677
700 ## - ADDED ENTRY--PERSONAL NAME
Personal name বসু, গিরীন্দ্রশেখর, ভূমিকার
942 ## - ADDED ENTRY ELEMENTS (KOHA)
Source of classification or shelving scheme Dewey Decimal Classification
Koha item type Books
Holdings
Lost status Source of classification or shelving scheme Damaged status Not for loan Collection code Permanent Location Current Location Shelving location Date acquired Source of acquisition Cost, normal purchase price Total Checkouts Full call number Date last seen Copy number Koha item type
  Dewey Decimal Classification     Non-fiction Central Library, University of Rajshahi Central Library, University of Rajshahi   10/07/1990 Sawkat Osman 60.00   BRA 613.9071 HAS V-2 1982 20/07/2016 C-2 Books
  Dewey Decimal Classification   Not For Loan Rare Books Central Library, University of Rajshahi Central Library, University of Rajshahi Rare Book Section 19/06/1984 Jatiya Grantho Kendra,Dacca 60.00   BRA 613.9071 HAS V-2 1982 16/01/2020 C-1 Books